| 000 | 00418nam a2200169Ia 4500 | ||
|---|---|---|---|
| 008 | 180424s9999 xx 000 0 und d | ||
| 084 | _a814.4 E1 | ||
| 100 | _a"Emerson, Ralph Waldo" | ||
| 245 | 0 | _aSelected Prose | |
| 250 | _a\\190000ENGGPSX | ||
| 260 | _aHolt Rinehart and Winston | ||
| 260 | _b1900 | ||
| 260 | _cCheltenham | ||
| 300 | _axxiii+485p | ||
| 500 | _aincludes index and biblioraphy | ||
| 942 | _cBK | ||
| 999 |
_c30620 _d30620 |
||